The Bharatiya Nagarik Suraksha Sanhita, 2023 (Record no. 20764)
[ view plain ]
| 000 -LEADER | |
|---|---|
| fixed length control field | 00319nam a22001217a 4500 |
| 008 - FIXED-LENGTH DATA ELEMENTS--GENERAL INFORMATION | |
| fixed length control field | 240711b |||||||| |||| 00| 0 eng d |
| 020 ## - INTERNATIONAL STANDARD BOOK NUMBER | |
| ISBN | 81-88327-72-7 |
| 100 ## - MAIN ENTRY--AUTHOR NAME | |
| Personal name | M. Chopra |
| 245 ## - TITLE STATEMENT | |
| Title | The Bharatiya Nagarik Suraksha Sanhita, 2023 |
| 260 ## - PUBLICATION, DISTRIBUTION, ETC. (IMPRINT) | |
| Place of publication | Delhi |
| Name of publisher | Capital Law Infotech |
| Year of publication | 2024 |
| 300 ## - PHYSICAL DESCRIPTION | |
| Number of Pages | 442 |
| 942 ## - ADDED ENTRY ELEMENTS (KOHA) | |
| Source of classification or shelving scheme | Dewey Decimal Classification |
| Koha item type | Books |
| Accession Number | Bill Date | Source of acquisition | Price effective from | Koha item type | Withdrawn / writtenoff status | Damaged status | Not for loan | Permanent Location | Current Location | Shelving location | Date acquired | Lost/ Missing status | department |
|---|---|---|---|---|---|---|---|---|---|---|---|---|---|
| LLB 1280 | 27-6-2024 | Taneja Law House | 07/11/2024 | Books | Not For Loan | MIET Library, Jammu | MIET Library, Jammu | 202/2 | 07/10/2024 | BBA LLB | |||
| LLB 1281 | 27-6-2024 | Taneja Law House | 07/11/2024 | Books | MIET Library, Jammu | MIET Library, Jammu | 177/1 | 07/10/2024 | BBA LLB | ||||
| LLB 1282 | 27-6-2024 | Taneja Law House | 07/11/2024 | Books | MIET Library, Jammu | MIET Library, Jammu | 177/1 | 07/10/2024 | BBA LLB | ||||
| LLB 1283 | 27-6-2024 | Taneja Law House | 07/11/2024 | Books | MIET Library, Jammu | MIET Library, Jammu | 177/1 | 07/10/2024 | BBA LLB | ||||
| LLB 1284 | 27-6-2024 | Taneja Law House | 07/11/2024 | Books | MIET Library, Jammu | MIET Library, Jammu | 177/1 | 07/10/2024 | BBA LLB |